Normal view MARC view

Entry Geographic Name

Number of records used in: 1

001 - CONTROL NUMBER

  • control field: 7550

003 - CONTROL NUMBER IDENTIFIER

  • control field: OSt

005 - DATE AND TIME OF LATEST TRANSACTION

  • control field: 20160331163040.0

008 - FIXED-LENGTH DATA ELEMENTS

  • fixed length control field: 160331|| aca||aabn | a|a d

040 ## - CATALOGING SOURCE

  • Original cataloging agency: OSt
  • Transcribing agency: OSt

151 ## - HEADING--GEOGRAPHIC NAME

  • Geographic name: Uganda
  • General subdivision: Colonial influence.

670 ## - SOURCE DATA FOUND

  • Source citation: Work cat.: (OSt)3371: Kabwegyere, Tarsis B. 7547, The politics of state formation and destruction in Uganda /, 1995.